Ariana Grande - Chansons de l'album Positions - Statistiques

Statistiques générales
  • Ce quiz a été pris 192 fois
  • Le résultat moyen est 15 sur 19
Statistiques - réponses
Hint Réponse % Correct
Positions Positions
99%
Positions 34+35
98%
Positions Deluxe 34+35 (Remix)
98%
Positions POV
95%
Positions Off the Table
92%
Positions Safety Net
85%
Positions My Hair
84%
Positions Motive
83%
Positions Shut Up
82%
Positions Nasty
81%
Positions Deluxe Test Drive
78%
Positions Just like Magic
76%
Positions Love Language
76%
Positions Obvious
76%
Positions Six Thirty
70%
Positions West Side
70%
Positions Deluxe Worst Behavior
70%
Positions Deluxe Main Thing
69%
Positions Deluxe Someone Like U
58%
Aucun quiz correspondant
Distribution des résultats
% des personnes avec chaque résultat
Percentile par nombre de réponses
Votre historique - résultats
Vous n’avez pas pris ce quiz